000 00963cam a2200253 i 4500
001 17774801
005 20180206042039.0
008 130612s2014 caua b 001 0 eng
010 _a 2013012540
020 _a9781452276496 (pbk. : acidfree paper)
040 _aDLC
_beng
_cDLC
_erda
_dDLC
041 _aeng
042 _apcc
043 _an-us---
080 _a320.47301 KER
082 0 0 _a320.47301 KER
_223
100 1 _a19
101 _aPOL
245 1 4 _aThe logic of American politics /
_cSamuel Kernell, University of California, San Diego, Gary C. Jacobson, University of California, San Diego, Thad Kousser, University of California, San Diego, Lynn Vavreck, University of California, Los Angeles.
504 _aIncludes bibliographical references (pages 729-742) and index.
906 _a7
_bcbc
_corignew
_d1
_eecip
_f20
_gy-gencatlg
942 _2ddc
_cBK
999 _c41886
_d41886